| 000 | 01278nac a22002891i 4500 | ||
|---|---|---|---|
| 003 | EG-ScBUE | ||
| 005 | 20231130121614.0 | ||
| 008 | 121105s1944 ua a f b 001 0 ara d | ||
| 017 | _a1994 / 10807 | ||
| 020 | _a9770142018 | ||
| 040 |
_aEG-ScBUE _bara _erda _cEG-ScBUE _dEG-ScBUE |
||
| 082 | 0 | 4 |
_a892.783409 _bت ع ر _222 |
| 245 | 0 | 0 |
_aتعريف القدماء بأبي العلاء / _cجمع وتحقيق مصطفى السقا [وأربعة آخرون] ؛ بإشراف الأستاذ الدكتور طه حسين. |
| 250 | _aالطبعة الثالثة. | ||
| 264 | 1 |
_aالقاهرة : _bالمجلس الأعلى للثقافة، _c1944. |
|
| 300 |
_a695 صفحة : _bإيضاحيات ؛ _c32 سم. |
||
| 336 |
_2rdacontent _aنص _btxt |
||
| 337 |
_aبدون وسيط _2rdamedia _bn |
||
| 338 |
_aمجلد _bnc _2rdacarrier |
||
| 490 | 0 | _aالمكتبة العربية | |
| 504 | _aيشتمل على إرجاعات ببليوجرافية وكشاف. | ||
| 600 | 1 | 7 |
_aأبو العلاء المعري، أحمد بن عبد الله، _d363-449 هـ.، _2BUEsh _931244 |
| 650 | 7 |
_aالشعر العربي _xتاريخ _yالعصر العباسي. _2BUEsh |
|
| 655 | _vReading book | ||
| 700 | 1 |
_aسقا، مصطفى، _eجامع، _eمحقق. |
|
| 942 |
_cBB _2ddc |
||
| 999 |
_c8097 _d8097 |
||